Xadrez mágico (Registo nº 46)

Detalhes MARC
000 -Etiqueta do registo
Cabeçalho 00954cam a2200361 4500
005 - Identificador da versão
Campo de controlo 20240813121753.0
010 ## - Número internacional normalizado dos livros (ISBN)
Número (ISBN) 9722019287
021 ## - Número do Depósito Legal
Código do país PT
Número 156459/00
035 ## - Other System Control Numbers
System Control Number 0000049
System Control Number 0000049
System Control Number 0000049
System Control Number 0000049
100 ## - Dados gerais de processamento
Dados gerais de processamento 20000929d2000 m y0pory5003 ba
102 ## - Pais de publicação ou produção
País de publicação Portugal
101 0# - Língua de publicação
Língua do texto, banda sonora, etc. Português
106 ## - Campo de dados codificados: material textual
Dados codificados do material textual r
105 ## - Campo de dados codificados: livros
Dados codificados dos livros a z 001yy
215 ## - Descrição física 
Indicação específica da natureza do documento e extensão da espécie 135 p.
Outras indicações físicas il.
Dimensões 24 cm
200 1# - Titulo e menção de responsabilidade
Título próprio Xadrez mágico
Primeira menção de responsabilidade Sérgio Rocha, João Coelho, Luís Morais
225 2# - Colecção 
Título próprio da colecção Infantil
205 ## - Menção da edição
Menção da edição 1ª ed
210 ## - Publicação, Distribuição, etc. 
Lugar da edição, distribuição, etc. Lisboa
Nome do editor, distribuidor, etc. Dom Quixote
Data da publicação, distribuição, etc. 2000
606 ## - Nome comum usado como assunto
Número de registo de entrada de autoridade 0000143
Palavra de ordem Xadrez
Subdivisão de assunto [Publicações juvenis]
Código do sistema SIPOR
675 ## - Classificação Decimal Universal (CDU)
Notação 794.1
Edição BN
Língua da edição por
Notação 087.5
Edição BN
Língua da edição por
Edição BN
Língua da edição por
701 ## - Nome de autor-pessoa física (co-responsabilidade principal)
Palavra de ordem Coelho
Outra parte do nome não tomada para palavra de ordem João
Código de função Autor / Co-autor
ID Autoridade 3
Palavra de ordem Morais
Outra parte do nome não tomada para palavra de ordem Luís
Código de função Autor / Co-autor
700 ## - Nome de autor-pessoa física (responsabilidade principal)
Número de registo de entrada de autoridade 0000145
Palavra de ordem Rocha
Outra parte do nome não tomada para palavra de ordem Sérgio
966 ## - Identificação da Biblioteca
Sigla NUMETECA
942 ## - Elementos de entrada adicionados (Koha)
Tipo de item no Koha Livro
Exemplares
Situação do levantamento Origin of item (home branch) (coded) Biblioteca de empréstimo Código de barras Cota Circulation type (not for loan) Tipo de documento Nota do exemplar Damaged status
  Biblioteca Escolar Eng. Nuno Mergulhão Biblioteca Escolar Eng. Nuno Mergulhão BENM281 7JOG ROC   Livro Sem mensagem